Mechanics / (Record no. 163653)

MARC details
000 -LEADER
fixed length control field 00834pam a2200265 i 4500
008 - FIXED-LENGTH DATA ELEMENTS--GENERAL INFORMATION
fixed length control field
020 ## - INTERNATIONAL STANDARD BOOK NUMBER
International Standard Book Number 0750628960 (pbk.)
049 ## - LOCAL HOLDINGS (OCLC)
Holding library MAIN
090 ## - LOCALLY ASSIGNED LC-TYPE CALL NUMBER (OCLC); LOCAL CALL NUMBER (RLIN)
Classification number (OCLC) (R) ; Classification number, CALL (RLIN) (NR) QA805
Local cutter number (OCLC) ; Book number/undivided call number, CALL (RLIN) LAU
003 - CONTROL NUMBER IDENTIFIER
control field
005 - DATE AND TIME OF LATEST TRANSACTION
control field 20230123134316.0
040 ## - CATALOGING SOURCE
Transcribing agency NUST
100 ## - MAIN ENTRY--PERSONAL NAME
Personal name Landau, L.D.
245 10 - TITLE STATEMENT
Title Mechanics /
Statement of responsibility, etc. by L. D. Landau and E. M. Lifshitz ; translated from the Russian by J. B. Sykes and J. S. Bell.
250 ## - EDITION STATEMENT
Edition statement 3rd ed.
260 ## - PUBLICATION, DISTRIBUTION, ETC.
Place of publication, distribution, etc. Oxford :
Name of publisher, distributor, etc. Pergamon Press,
Date of publication, distribution, etc. 1976.
300 ## - PHYSICAL DESCRIPTION
Extent xxvii, 170 p. :
Other physical details ill. ;
Dimensions 25 cm.
440 ## - SERIES STATEMENT/ADDED ENTRY--TITLE
Title Course of theoretical physics ; v. 1.
500 ## - GENERAL NOTE
General note Translation of Mekhanika.
500 ## - GENERAL NOTE
General note Includes index.
504 ## - BIBLIOGRAPHY, ETC. NOTE
Bibliography, etc. note Includes bibliographical references.
650 #0 - SUBJECT ADDED ENTRY--TOPICAL TERM
Topical term or geographic name entry element Mechanics, Analytic.`
907 ## - LOCAL DATA ELEMENT G, LDG (RLIN)
a .b10223514
b 07-03-22
c 15-01-07
942 ## - ADDED ENTRY ELEMENTS (KOHA)
Koha item type Ordinary Loan Books
Call number prefix QA805
Call number suffix LAU
Holdings
Date last seen Total Checkouts Full call number Barcode Cost, replacement price Price effective from Koha item type Lost status Source of classification or shelving scheme Damaged status Not for loan Collection Withdrawn status Home library Current library Shelving location Date acquired Cost, normal purchase price
01/23/2023 6 QA805 LAN 92003014939 80.00 01/23/2023 BOOKS   LCC     NFIC   MAIN MAIN GEN 01/23/2023 80.00